[Event "ch-AZE"]
[Site "Baku AZE"]
[Date "2008.01.22"]
[Round "3"]
[White "Babaev,Ra"]
[Black "Durarbeyli,V"]
[Result "1-0"]
[WhiteElo "2468"]
[BlackElo "2392"]

1.e4 c5 2.Nf3 e6 3.d4 cxd4 4.Nxd4 a6 5.Nc3 Qc7 6.Be2 Nf6 7.O-O Nc6 8.Be3 Bb4
9.Na4 O-O 10.Nxc6 bxc6 11.Nb6 Rb8 12.Nxc8 Rfxc8 13.Bxa6 Rf8 14.Bd3 Bd6 15.g3 Be5
16.a4 Bxb2 17.Ra2 d5 18.exd5 Nxd5 19.Bd2 c5 20.Qe2 g6 21.a5 Bd4 22.Be4 Qa7
23.a6 Rb6 24.Qc4 Nb4 25.Bxb4 Rxb4 26.Qe2 c4 27.Kg2 Rc8 28.Rd1 e5 29.Qf3 Rb6
30.c3 Bc5 31.Bb7 Rf8 32.Rd7 Rd6 33.Rxd6 Bxd6 34.Rd2 Bc5 35.Rd7 h5 36.Qf6 e4
37.h4 e3 38.fxe3 Bxe3 39.g4 hxg4 40.h5 gxh5 41.Rd5 Re8 42.Rxh5 Bh6 43.Rxh6 Re2+
44.Kf1 Re1+ 45.Kxe1 Qe3+ 46.Kf1 Qc1+ 47.Kg2 Qd2+ 48.Kh1 Qd1+ 49.Kh2 Qd2+
50.Bg2 g3+ 51.Kh3 Qd7+ 52.Kh4  1-0

[Event "IM"]
[Site "Orsha BLR"]
[Date "2008.01.22"]
[Round "2"]
[White "Shkuran,D"]
[Black "Kosov,Iv"]
[Result "1-0"]
[WhiteElo "2437"]
[BlackElo "2365"]

1.e4 c5 2.Nf3 e6 3.d4 cxd4 4.Nxd4 a6 5.Nc3 b5 6.a3 Bb7 7.Bd3 Qb6 8.Nb3 Qc7
9.O-O Nf6 10.Qe2 d6 11.Bf4 Nbd7 12.a4 b4 13.Na2 a5 14.c3 e5 15.Bg5 bxc3 16.Nxc3 Be7
17.Rac1 Qb8 18.Bb5 Kf8 19.f4 h6 20.Bh4 exf4 21.Bxd7 Nxd7 22.Bxe7+ Kxe7 23.Rxf4 Ne5
24.Nd4 Re8 25.Qh5 Kf8 26.Ncb5 Re7 27.Nf5 Rd7 28.Rd1 Ba6 29.Nxg7 Kxg7 30.Rxd6 Rxd6
31.Qxe5+ f6 32.Qe7+ Kh8 33.Nxd6 Qa7+ 34.Qxa7 Rxa7 35.Rxf6 Kg7 36.e5  1-0

[Event "Winter Open"]
[Site "Belgrade SRB"]
[Date "2008.01.23"]
[Round "2"]
[White "Carnic,D"]
[Black "Maric,Dr"]
[Result "0-1"]
[WhiteElo "2162"]
[BlackElo "2300"]

1.e4 c5 2.Nf3 e6 3.d4 cxd4 4.Nxd4 a6 5.Nc3 Qc7 6.Be2 b5 7.a3 Bb7 8.O-O Nc6
9.Kh1 Nf6 10.Nxc6 Bxc6 11.Qd3 h5 12.f4 Ng4 13.Bd2 Bc5 14.Bxg4 hxg4 15.b4 Bb6
16.a4 bxa4 17.Nd5 exd5 18.exd5 Bb5 19.Qe4+ Kf8 20.Rfe1 Qc4 21.Qe7+ Kg8 22.Ra3 Bf2  0-1

[Event "6th ch-PriFO Men"]
[Site "Kazan RUS"]
[Date "2008.01.25"]
[Round "3"]
[White "Ioffe,D"]
[Black "Sharafiev,A"]
[Result "0-1"]
[WhiteElo "2176"]
[BlackElo "2332"]

1.e4 c5 2.Nf3 e6 3.Nc3 a6 4.d4 cxd4 5.Nxd4 Qc7 6.Bd3 b5 7.O-O Bb7 8.Re1 Nc6
9.Nxc6 Qxc6 10.Bg5 h6 11.Bh4 Ne7 12.a3 Nf5 13.Qg4 Nxh4 14.Qxh4 Bd6 15.Nd5 Qc5
16.Ne3 Be5 17.c3 h5 18.Kh1 Bf6 19.Qf4 Bg5 20.Qf3 Kf8 21.Rad1 Bc6 22.Nc2 Kg8
23.Nd4 Bb7 24.Qe2 d6 25.Bc2 Bf4 26.Bb3 Rh6 27.Rd3 h4 28.Qg4 Qg5 29.Qxg5 Bxg5
30.Nf3 Be7 31.h3 Rh5 32.Nd4 Re5 33.Rde3 Bg5 34.R3e2 Rc5 35.f3 Kf8 36.Bxe6 fxe6
37.Nxe6+ Ke7 38.Nxc5 dxc5 39.Rd1 Bf4 40.Kg1 Ke6 41.Ree1 Bc6 42.Rd3 g5 43.Red1 Bc7
44.Kf1 Rf8 45.Ke2 Ke5 46.R3d2 Kf4 47.Kf2 c4 48.Kf1 Kg3  0-1

[Event "IM"]
[Site "Orsha BLR"]
[Date "2008.01.25"]
[Round "8"]
[White "Fedoseev,Vl3"]
[Black "Kosov,Iv"]
[Result "1/2-1/2"]
[WhiteElo "2247"]
[BlackElo "2365"]

1.e4 c5 2.Nf3 e6 3.d4 cxd4 4.Nxd4 a6 5.Nc3 b5 6.Bd3 Qb6 7.Nf3 Nc6 8.O-O Nge7
9.a4 b4 10.a5 Qc7 11.Na4 Nxa5 12.Be3 Rb8 13.Nc5 Ng6 14.Nxa6 Bxa6 15.Bxa6 Be7
16.Qe2 O-O 17.Nd4 Nc6 18.Nxc6 Qxc6 19.Bd3 Bf6  1/2-1/2

[Event "IM"]
[Site "Orsha BLR"]
[Date "2008.01.25"]
[Round "8"]
[White "Shkuran,D"]
[Black "Ni,V"]
[Result "1-0"]
[WhiteElo "2437"]
[BlackElo "2132"]

1.e4 c5 2.Nf3 e6 3.d4 cxd4 4.Nxd4 a6 5.Nc3 Qc7 6.g3 d6 7.a4 Nf6 8.Bg2 Bd7
9.f4 Nc6 10.Nb3 Be7 11.O-O h6 12.Qe2 Nh7 13.a5 g5 14.Be3 gxf4 15.gxf4 Nf6
16.Bb6 Qb8 17.Rae1 Rg8 18.Kh1 Qc8 19.Bf3 Kf8 20.Rg1 Qe8 21.Qd2 Rg7 22.Bc7 Kg8
23.Rxg7+ Kxg7 24.Bxd6 Bxd6 25.Qxd6 Qf8 26.Qd2 Rd8 27.e5 Nh7 28.Ne4 Qb4 29.Rg1+ Kh8
30.Nd6 Rf8 31.Qg2  1-0

[Event "FINEC GMA"]
[Site "St Petersburg RUS"]
[Date "2008.01.25"]
[Round "2"]
[White "Lanin,A"]
[Black "Kveinys,A"]
[Result "1/2-1/2"]
[WhiteElo "2456"]
[BlackElo "2521"]

1.e4 c5 2.Nf3 e6 3.d4 cxd4 4.Nxd4 a6 5.Nc3 Qc7 6.Be2 Nf6 7.O-O Nc6 8.Be3 Be7
9.f4 d6 10.a4 O-O 11.Qe1 Nxd4 12.Bxd4 e5 13.fxe5 dxe5 14.Qg3 Bc5 15.Bxc5 Qxc5+
16.Kh1 Kh8 17.Rad1 Be6 18.Qh4 Rae8 19.Rd3 Ng8 20.Bg4 Bc4 21.Rh3 h6 22.Rd1 Ne7
23.b3 Ng6 24.Qe1 Be6 25.Bxe6 Rxe6 26.Rd2 Nf4 27.Rf3 Rd6 28.g3 Rxd2 29.Qxd2 Nh3
30.Kg2 Ng5 31.Rd3 Rc8 32.Rd8+ Kh7 33.Rxc8 Qxc8 34.Qe3 Qh3+ 35.Kg1 Qg4 36.Kf2 f5
37.Qe2 Qh3 38.Kg1 f4 39.Qd3 Qg4 40.Kf2 Qh5 41.h4 Ne6 42.Ne2 Qg4 43.Qf3 fxg3+
44.Nxg3 Qxf3+ 45.Kxf3 Nd4+ 46.Ke3 Nxc2+ 47.Kd3 Nd4 48.Kc4 Kg6 49.Kd5 Nxb3
50.Kxe5 b5 51.axb5 axb5 52.Kd5 Nd2 53.Kc5 h5 54.e5 Nf3 55.e6 b4 56.Kc4 b3
57.Kc3 Nd4 58.e7 Kf7 59.Nxh5 Nf5 60.e8=Q+ Kxe8 61.Nxg7+ Nxg7 62.Kxb3  1/2-1/2

[Event "Winter Open"]
[Site "Belgrade SRB"]
[Date "2008.01.26"]
[Round "5"]
[White "Andrejevic,Mila"]
[Black "Jovic,B"]
[Result "1/2-1/2"]
[WhiteElo "1984"]
[BlackElo "1766"]

1.e4 c5 2.Nf3 e6 3.d4 cxd4 4.Nxd4 a6 5.Nc3 Nc6 6.Be3 Qc7 7.Qd2 d6 8.Be2 Nf6
9.O-O Be7 10.a3 Nxd4 11.Bxd4 e5 12.Be3 Be6 13.f3 O-O 14.Rad1 Rfd8 15.Na4 Qc6
16.Nb6 Rab8 17.c4 Nd7 18.Nd5 Bf8 19.Qa5 Nc5 20.Qc3 f5 21.Bg5 Re8 22.b4 Na4
23.Qb3 Nb6 24.Nxb6 Qxb6+ 25.Be3 Qc7 26.exf5 Bxf5 27.c5+ Kh8 28.cxd6 Bxd6
29.Rc1 Qe7 30.Bc5 Rbc8 31.Bxd6 Qxd6 32.Qe3 Qd4 33.Kf2 Qh4+ 34.Kg1 Qd4 35.Qf2 Kg8
36.Rxc8 Rxc8 37.Qxd4 exd4 38.Rd1 Rd8 39.Bd3 Bxd3 40.Rxd3 Kf7 41.Rd1 Ke6 42.Rc1 Kd5
43.Rc5+ Ke6 44.Kf2 Kd6 45.Ke2 Re8+ 46.Kd3 Re3+ 47.Kxd4 Rxa3 48.Rg5 g6 49.h4 Ke6
50.h5 Kf6 51.hxg6 hxg6 52.Rg4 a5 53.Kc5 axb4 54.Rxb4 Ra2  1/2-1/2

[Event "IM"]
[Site "Orsha BLR"]
[Date "2008.01.26"]
[Round "1"]
[White "Kovalev,Vl"]
[Black "Ni,V"]
[Result "1/2-1/2"]
[WhiteElo "2184"]
[BlackElo "2132"]

1.e4 c5 2.Nf3 e6 3.Nc3 a6 4.d4 cxd4 5.Nxd4 Qc7 6.Bd3 Nf6 7.O-O Bc5 8.Nb3 Ba7
9.Re1 h5 10.h3 Nc6 11.Qe2 Ne5 12.Be3 Bxe3 13.Qxe3 g5 14.Nd5 exd5 15.exd5 d6
16.Qxg5 Qe7 17.Kh1 Nxd5 18.Qd2 Be6 19.Be4 Nf6 20.f4 Nxe4 21.Rxe4 Qh4 22.Qe1 Qxe1+
23.Raxe1 f6 24.fxe5 dxe5 25.Nc5 Bd5 26.Rf4 Ke7 27.c4 Bc6 28.Rf2 Rad8 29.Ne4 Bxe4
30.Rxe4 Ke6 31.Rfe2 Rd1+ 32.Kh2 Rg8 33.c5 Kd5 34.Rb4 Rg7 35.Rb6 Rf1 36.b4 e4
37.Rd2+ Ke5 38.Rbd6 f5 39.g3 e3 40.Re2 Rf3 41.Rg2 h4 42.g4 f4 43.a4 Rf1 44.Re2 Ke4
45.Kg2 Rb1 46.Re6+ Kd3 47.Ra2 Rxb4 48.Kf3 Rf7 49.c6 bxc6 50.Rxc6 Rb1 51.Rac2 Rb3
52.Rc1 Kd2 53.R6c2+ Kd3 54.Rc6 Kd2 55.R1c2+  1/2-1/2

[Event "Winter Open"]
[Site "Belgrade SRB"]
[Date "2008.01.27"]
[Round "6"]
[White "Martic,I"]
[Black "Lorens Ristovic,L"]
[Result "1/2-1/2"]
[WhiteElo "2324"]
[BlackElo "2103"]

1.e4 c5 2.Nf3 e6 3.d4 cxd4 4.Nxd4 a6 5.Nc3 Qc7 6.Be2 Nc6 7.O-O Nf6 8.Kh1 d6
9.f4 Be7 10.Be3 Bd7 11.a4 O-O 12.Nb3 b6 13.Bf3 Rac8 14.g4 Kh8 15.Bg2 Nb4
16.g5 Ng8 17.f5 exf5 18.exf5 Bc6 19.Nd4 Bxg2+ 20.Kxg2 Rfe8 21.Qf3 d5 22.Rad1 Bc5
23.Rd2 Rcd8 24.Bg1 Bxd4 25.Bxd4 f6 26.h4 Rd6 27.Kh1 Red8 28.Qg3 Qb7 29.Qf4 Nc6
30.Re1 Nxd4 31.Rxd4  1/2-1/2

[Event "Kots Mem"]
[Site "Donetsk UKR"]
[Date "2008.01.28"]
[Round "11"]
[White "Solovyev,A"]
[Black "Prihotko,A"]
[Result "1-0"]
[WhiteElo "2059"]
[BlackElo "2340"]

1.e4 c5 2.Nf3 e6 3.d4 cxd4 4.Nxd4 a6 5.Nc3 b5 6.g4 Bb7 7.Bg2 b4 8.Nce2 Nf6
9.Ng3 h5 10.gxh5 d6 11.Bd2 Qb6 12.Be3 Qc7 13.Rc1 Nbd7 14.O-O d5 15.exd5 Bxd5
16.c4 bxc3 17.Rxc3 Qb7 18.Rb3 Bxg2 19.Rxb7 Bxb7 20.a3 Bd5 21.b4 Bd6 22.Bg5 Ne5
23.f4 Nc4 24.Re1 Kf8 25.h6 Ne8 26.Ndf5 gxh6 27.Qd4 f6 28.Bxf6 Rg8 29.Nxd6 Nexd6
30.Bh4 Rg6 31.Qh8+ Kf7 32.Qh7+ Rg7 33.Qxh6 Nf5 34.Qf6+ Kg8 35.Bg5 Rf8 36.Qc3 Rxg5
37.fxg5 Nh4 38.Nh5 Nf3+ 39.Kf2 Nxe1+ 40.Kxe1 Rf7 41.g6 Rb7 42.Nf6+  1-0

[Event "Winter Open"]
[Site "Belgrade SRB"]
[Date "2008.01.29"]
[Round "8"]
[White "Zivkovic,S"]
[Black "Bojovic,D"]
[Result "0-1"]
[WhiteElo "2309"]
[BlackElo "2230"]

1.e4 c5 2.Nf3 e6 3.d4 cxd4 4.Nxd4 a6 5.Nc3 b5 6.g3 Bb7 7.Bg2 Nf6 8.O-O b4
9.Na4 d5 10.exd5 Bxd5 11.Bxd5 Nxd5 12.Re1 Be7 13.Nxe6 fxe6 14.Qh5+ g6 15.Qe5 Rf8
16.Qxe6 Qd7 17.Qe4 Qf5 18.Qe2 Nc6 19.c3 Qf3 20.Bh6 Qxe2 21.Rxe2 Rf7 22.Rd1 Rd8
23.Nc5 bxc3 24.Ne6 Rd6 25.Nc7+ Nxc7 26.Rxd6 cxb2 27.Rd1 Nb5 28.Rxb2 Bf6 29.Re2+ Re7
30.Rxe7+ Kxe7 31.Re1+ Kd7 32.h4 a5 33.Bf8 Nb4 34.Bxb4 axb4 35.Re4 Be7 36.Re5 Nc3
37.Ra5 Bd6 38.Ra7+ Kc6 39.Kf1 Bc5 40.Rxh7 Nxa2 41.Ke2 b3 42.Kd3 Bb4  0-1

[Event "Winter Open"]
[Site "Belgrade SRB"]
[Date "2008.01.29"]
[Round "8"]
[White "Brenjo,S"]
[Black "Nestorovic,De"]
[Result "1/2-1/2"]
[WhiteElo "2486"]
[BlackElo "2417"]

1.e4 c5 2.Nf3 a6 3.Nc3 e6 4.d4 cxd4 5.Nxd4 b5 6.Bd3 d6 7.O-O Nf6 8.Re1 Be7
9.a4 b4 10.Na2 Qb6 11.Be3 Qb7 12.Bd2 a5 13.c3 bxc3 14.Nxc3 O-O 15.Ncb5 Bd7
16.b4 e5 17.Nb3 axb4 18.Bxb4 Bg4 19.Qb1 Nc6 20.Bc3 Be6 21.Nd2 Rfc8 22.Nc4 Nd4
23.Ncxd6 Bxd6 24.Bxd4 Bc5 25.Bxc5 Rxc5 26.Qb4 Rc6 27.Rec1 Rxc1+ 28.Rxc1 Qb6
29.Be2 h5 30.h3 g6 31.Ra1 Ra5 32.Rd1 Ra8 33.Ra1 Ra5 34.Bd3 Nd7 35.Bc4 Bxc4
36.Qxc4 Nc5 37.Nc3 Qa7 38.Qd5 Nxa4 39.Qd8+ Kg7 40.Nd5 Ra6 41.Qe8 Qd4 42.Re1 Nc3
43.Nxc3 Qxc3 44.Rd1  1/2-1/2

[Event "13th HIT Open A"]
[Site "Nova Gorica SLO"]
[Date "2008.01.29"]
[Round "6"]
[White "Krivec,J"]
[Black "Srebrnic,M"]
[Result "1-0"]
[WhiteElo "2345"]
[BlackElo "2321"]

1.e4 c5 2.Nc3 e6 3.Nf3 a6 4.d4 cxd4 5.Nxd4 b5 6.Bd3 Qb6 7.Nb3 Qc7 8.O-O Bb7
9.f4 Nf6 10.e5 b4 11.Nb1 Nd5 12.Qe2 g6 13.Kh1 d6 14.N1d2 Nd7 15.Nc4 N7b6
16.Nxd6+ Bxd6 17.exd6 Qxd6 18.Na5 Bc8 19.a3 Bd7 20.axb4 Nxb4 21.Be4 Rc8 22.Rd1 Qc7
23.c3 Bb5 24.Qe3 Nc6 25.Bxc6+ Bxc6 26.Nxc6 Qxc6 27.Rxa6 Rb8 28.Qd4 O-O 29.Be3 Rbd8
30.Qxd8 Rxd8 31.Rxd8+ Kg7 32.Rxb6 Qe4 33.Bd4+ Kh6 34.Rb4 Qe2 35.h3  1-0

[Event "6th Gibtelecom Masters"]
[Site "Gibraltar ENG"]
[Date "2008.01.30"]
[Round "9"]
[White "Arvola,B"]
[Black "Dzagnidze,N"]
[Result "1/2-1/2"]
[WhiteElo "2062"]
[BlackElo "2429"]

1.e4 c5 2.Nf3 e6 3.d4 cxd4 4.Nxd4 a6 5.Nc3 Qc7 6.Bd3 Nf6 7.Qe2 Nc6 8.Nf3 d6
9.O-O Be7 10.Bf4 Ne5 11.Nxe5 dxe5 12.Be3 O-O 13.a4 b6 14.Nd1 Bb7 15.f3 Nd7
16.Nf2 Kh8 17.Rfc1 f5 18.Qe1 Rac8 19.Qe2 Nc5 20.b4 Nxd3 21.cxd3 Qd6 22.Qb2 Qxb4
23.Qxb4 Bxb4 24.Bxb6 a5 25.Rc7 Bc6 26.Ra7 Ra8 27.Rxa8 Rxa8 28.Bc7 Rc8 29.Bxe5 Bxa4
30.Rxa4 Rc1+ 31.Nd1 Rxd1+ 32.Kf2 Rd2+ 33.Ke3 Rxg2 34.Bc7 fxe4 35.Bxa5 Bxa5
36.Rxa5 Kg8 37.dxe4 Rxh2 38.Ra7 Kf8 39.Kf4 Rh5 40.Rc7 h6 41.Kg4 Rg5+ 42.Kh4 Rg1
43.Ra7 Rg6 44.Rb7 Rf6 45.Kg3 Rf7 46.Rb8+ Ke7 47.f4 Kf6 48.Kg4 Ra7 49.Rb4 Ra1
50.Rb6 Ra4 51.Kf3 g6 52.Rc6 Ra3+ 53.Kf2 h5 54.Rb6 h4 55.Rc6 h3 56.Rc8 h2
57.Rh8 e5 58.fxe5+ Kxe5 59.Rxh2 Kxe4 60.Rh8 Kf4 61.Rf8+ Kg4 62.Kg2 Ra2+ 63.Kg1 Kg3
64.Kf1 g5 65.Rb8 g4 66.Rb3+ Kh4 67.Rc3 g3 68.Rc8  1/2-1/2

[Event "6th Gibtelecom Masters"]
[Site "Gibraltar ENG"]
[Date "2008.01.30"]
[Round "9"]
[White "Wang Yu A"]
[Black "Karlsson,L"]
[Result "1/2-1/2"]
[WhiteElo "2391"]
[BlackElo "2488"]

1.e4 c5 2.Nf3 e6 3.d4 cxd4 4.Nxd4 a6 5.Nc3 Qc7 6.Bd3 Nf6 7.Qe2 Bc5 8.Nb3 d6
9.Bf4 Nbd7 10.Nxc5 Qxc5 11.O-O O-O 12.Rad1 b6 13.Qd2 Rd8 14.Be2 d5 15.exd5 e5
16.Be3 Qd6 17.Bf3 Bb7 18.Rfe1 Rac8 19.Bg5 Re8 20.Bxf6 Nxf6 21.Ne4 Nxe4 22.Bxe4 g6
23.g3 f5 24.Bg2 b5 25.b3 Rc5 26.c4 bxc4 27.Qb4 c3 28.Rc1 Bxd5 29.Rxc3 Rc6
30.Qxd6 Rxd6 31.Rd1 Red8 32.Rxd5 Rxd5 33.Bxd5+ Rxd5 34.Rc7 Rd1+ 35.Kg2 Rd2
36.a4 Rb2 37.Rb7 e4 38.Kf1 Rb1+  1/2-1/2

[Event "6th Gibtelecom Masters"]
[Site "Gibraltar ENG"]
[Date "2008.01.30"]
[Round "9"]
[White "Rasch,H"]
[Black "Cramling,P"]
[Result "0-1"]
[WhiteElo "2263"]
[BlackElo "2524"]

1.e4 c5 2.Nf3 e6 3.d4 cxd4 4.Nxd4 a6 5.Nc3 b6 6.Be3 Bb7 7.f4 Bb4 8.Bd3 Nf6
9.Qf3 d6 10.O-O Bxc3 11.bxc3 Nbd7 12.Rae1 Nc5 13.Bc1 O-O 14.Qh3 Bxe4 15.Bxe4 Ncxe4
16.g4 d5 17.g5 Nd7 18.Rf3 Re8 19.c4 Rc8 20.cxd5 exd5 21.Bb2 Nf8 22.Rfe3 Qd6
23.Nf5 Qxf4 24.Rf1 Qxg5+ 25.Kh1 Rxc2 26.Bxg7 Nf2+ 27.Rxf2 Rxf2 28.Bh6 Rxe3
29.Nxe3 Qg6  0-1

[Event "6th ch-PriFO Men"]
[Site "Kazan RUS"]
[Date "2008.01.30"]
[Round "8"]
[White "Novgorodskij,V"]
[Black "Kamov,I"]
[Result "1-0"]
[WhiteElo "2370"]
[BlackElo "2196"]

1.e4 c5 2.Nf3 e6 3.d4 cxd4 4.Nxd4 a6 5.Nc3 Qc7 6.Be3 Nf6 7.f3 Be7 8.Qd2 b5
9.g4 d6 10.O-O-O Bb7 11.Kb1 Nc6 12.Nxc6 Qxc6 13.Ne2 O-O 14.Nd4 Qc7 15.h4 Nd7
16.g5 Ne5 17.h5 Rfc8 18.g6 Bf6 19.Qh2 Bxe4 20.gxf7+ Kxf7 21.fxe4 Ng4 22.Nxe6 Nxh2
23.Nxc7 Nxf1 24.Rhxf1 Rxc7 25.Rxd6 Re7 26.Bd4 Re6 27.Bxf6 gxf6 28.Rd7+ Re7
29.Rxe7+ Kxe7 30.Rg1 Kf7 31.h6 Rg8 32.Rxg8 Kxg8 33.b3 b4 34.a3 a5 35.axb4 axb4
36.c4 bxc3 37.Kc2  1-0

[Event "FINEC GMA"]
[Site "St Petersburg RUS"]
[Date "2008.01.30"]
[Round "7"]
[White "Shimanov,A"]
[Black "Kveinys,A"]
[Result "1-0"]
[WhiteElo "2441"]
[BlackElo "2521"]

1.e4 c5 2.Nf3 e6 3.d4 cxd4 4.Nxd4 a6 5.Nc3 Qc7 6.Qf3 Nc6 7.Nxc6 bxc6 8.Bf4 e5
9.Bg5 h6 10.Bh4 d6 11.Bc4 g5 12.Bg3 h5 13.h4 g4 14.Qd3 Ne7 15.O-O-O Ng6 16.Kb1 Be7
17.f3 Rh7 18.Rdf1 a5 19.Nd1 Rb8 20.fxg4 Bxg4 21.Ne3 Bc8 22.Nf5 Bf8 23.Rf3 Bxf5
24.Rxf5 Qb6 25.b3 a4 26.Rhf1 Rb7 27.Qf3 axb3 28.cxb3 Nf4 29.Bxf4 exf4 30.Rxf4 Bg7
31.Rxf7 Qd4 32.e5  1-0

[Event "4th Open A"]
[Site "Moscow RUS"]
[Date "2008.02.02"]
[Round "1"]
[White "Hambardzumian,Y"]
[Black "Fedorov,Alex"]
[Result "1/2-1/2"]
[WhiteElo "2378"]
[BlackElo "2607"]

1.e4 c5 2.Nf3 e6 3.d4 cxd4 4.Nxd4 a6 5.Nc3 b5 6.Be2 Bb7 7.O-O b4 8.Na4 Bxe4
9.Bf3 d5 10.Nxe6 fxe6 11.Bxe4 dxe4 12.Qh5+ g6 13.Qe5 Nf6 14.Qxe6+ Qe7 15.Qc8+ Kf7
16.Rd1 Bg7 17.Qc4+ Qe6 18.Qc7+ Nbd7 19.Nc5 Qg4 20.Be3 Rhc8 21.Qb7 Rab8 22.Qa7 Rxc5
23.Bxc5 Rb5 24.h3 Qe6 25.Rd6 Rxc5 26.Rxe6 Kxe6 27.Qxa6+ Ke7 28.Qa4 Nd5 29.Re1 Bxb2
30.Rxe4+ Kd6 31.Qa6+ Kc7 32.Qa7+ Kd8 33.Qa8+ Kc7 34.Re8 N5b6 35.Qd8+ Kd6
36.Re2 g5 37.Qe7+ Kc6 38.Qxh7 Ne5 39.g3 Nbc4 40.Kg2 Nd6 41.Qe7 Nef7 42.Qe6 Bc3
43.Qb3 Ra5 44.Re7 Ne5 45.Qe6 Nc4 46.Qd7+ Kd5 47.Qe6+ Kc6 48.Qd7+ Kd5 49.h4 Rxa2
50.Re2 gxh4 51.Qe6+ Kc5 52.gxh4 Ra8 53.Qg6  1/2-1/2

[Event "4th Open C Women"]
[Site "Moscow RUS"]
[Date "2008.02.03"]
[Round "2"]
[White "Yanjindulam,D"]
[Black "Shalukhina,T"]
[Result "1/2-1/2"]
[WhiteElo "2256"]
[BlackElo "1972"]

1.e4 c5 2.Nf3 e6 3.d4 cxd4 4.Nxd4 a6 5.Nc3 Qc7 6.Bd3 Nf6 7.O-O Be7 8.Kh1 b5
9.a3 Bb7 10.f4 O-O 11.Rf3 g6 12.Rg3 Nc6 13.Nxc6 Bxc6 14.Be3 Rfd8 15.e5 Ne8
16.Qg1 Rab8 17.Ne4 d6 18.Bd4 Bxe4 19.Bxe4 dxe5 20.Ba7 exf4 21.Rc3 Qe5 22.Re1 Qf6
23.Bxb8 Rxb8 24.Bf3 Nd6 25.Qa7 Rd8 26.Rd1 Qh4 27.Rcd3 Kg7 28.Qd4+ Bf6 29.g3 Bxd4
30.gxh4 Be5 31.c3 Kf6 32.a4 Ke7 33.axb5 axb5 34.Re1 f6 35.Ra1 Nc8 36.Rxd8 Kxd8
37.Bc6 b4 38.cxb4 Bxb2 39.Ra6 Bd4 40.Bf3 Kd7 41.Bc6+ Kc7 42.Bf3 Bb6 43.Ra2 f5
44.Rc2+ Kb8 45.Bc6 e5 46.Bd7 Nd6 47.Rc6 Bc7 48.Ra6 Nc4 49.Rf6 e4 50.Bc6 f3
51.h5 Ne3 52.Bb5 gxh5 53.Ra6 Kb7 54.Rh6 Bf4 55.Re6 f2 56.h4 f1=Q+ 57.Bxf1 Nxf1
58.Kg2 Ng3 59.Re7+ Kb6 60.Rxh7 Bc7 61.Rh6+ Kb7 62.b5 f4 63.Rf6 Be5 64.Re6 f3+
65.Kf2 Bf4 66.Rxe4 Nxe4+ 67.Kxf3 Bg5 68.Kxe4 Bxh4 69.Kf3 Be1 70.Kg2 Kb6  1/2-1/2

[Event "4th Open C Women"]
[Site "Moscow RUS"]
[Date "2008.02.06"]
[Round "5"]
[White "Kabanova,I"]
[Black "Shalukhina,T"]
[Result "1/2-1/2"]
[WhiteElo "2044"]
[BlackElo "1972"]

1.e4 c5 2.Nf3 e6 3.d4 cxd4 4.Nxd4 a6 5.Nc3 Qc7 6.a3 Nf6 7.Be2 Be7 8.O-O O-O
9.Kh1 Rd8 10.Bd3 b5 11.Qe2 Bb7 12.f4 Nc6 13.Nxc6 Bxc6 14.e5 Ne8 15.Ne4 d6
16.Ng3 dxe5 17.fxe5 g6 18.Bh6 Ng7 19.Bxg7 Kxg7 20.Nh5+ Kg8 21.Nf6+ Kg7 22.Nh5+ Kg8
23.Nf6+ Kg7  1/2-1/2

[Event "FSIMA February"]
[Site "Budapest HUN"]
[Date "2008.02.07"]
[Round "6"]
[White "Gara,A"]
[Black "Schneider,Ve"]
[Result "1-0"]
[WhiteElo "2325"]
[BlackElo "2250"]

1.e4 c5 2.Nf3 e6 3.d4 cxd4 4.Nxd4 a6 5.Nc3 Qc7 6.Bd3 Nf6 7.Qe2 Nc6 8.Nxc6 dxc6
9.e5 Nd5 10.Nxd5 cxd5 11.O-O Bd7 12.Bd2 Be7 13.a4 O-O 14.a5 Bb5 15.Bxb5 axb5
16.Qxb5 Qxe5 17.Qxb7 Bd6 18.g3 Rfb8 19.Qd7 Rd8 20.Qa4 Qxb2 21.Rfb1 Qf6 22.Rb5 Be5
23.Ra3 Ra6 24.Rd3 Rda8 25.Rb7 Qd8 26.Rdb3 Qc8 27.Bf4 Bd6 28.Bxd6 Rxd6 29.Qf4 Qf8
30.Rxf7 Qxf7 31.Qxd6 Rf8 32.Qc5 e5 33.Rb5 d4 34.Qd5 Qxd5 35.Rxd5 Re8 36.a6 Kf7
37.a7 Ke6 38.Ra5 Ra8 39.f3 Kd6 40.Kf2 Kc6 41.Ke2 Kb6 42.Ra3 Kc5 43.Kd3 Kb5
44.Ke4 Kb4 45.Rb3+ Kc4 46.Rb7 Kc3 47.Rc7+  1-0

[Event "16th FAJR Open"]
[Site "Urmia IRI"]
[Date "2008.02.07"]
[Round "8"]
[White "Shanava,K"]
[Black "Khalesi,V"]
[Result "1/2-1/2"]
[WhiteElo "2521"]
[BlackElo "2188"]

1.e4 c5 2.Nc3 e6 3.Nf3 a6 4.d4 cxd4 5.Nxd4 b5 6.Bd3 Qb6 7.Nb3 Qc7 8.f4 d6
9.O-O Nd7 10.Bd2 Ngf6 11.Qe2 Bb7 12.Rae1 Be7 13.a3 e5 14.g4 Nb6 15.Na5 Bc8
16.g5 Nfd7 17.f5 Nc5 18.b4 Nb7 19.Kh1 Bd7 20.Rf3 g6 21.f6 Bf8 22.Qf2 h6 23.Qh4 Be6
24.Nxb5 axb5 25.Bxb5+ Nd7 26.Rc3 Nc5 27.bxc5 Qxa5 28.a4 dxc5 29.Rd1 Qc7 30.Rd3 c4
31.Ba5 Rxa5 32.Rxd7 Bxd7 33.Rxd7 Qxd7 34.Bxd7+ Kxd7 35.Qe1 Rc5 36.a5 hxg5
37.a6 Bd6 38.Qb4 Rb8  1/2-1/2

[Event "Velammal 45th National A ch-IND"]
[Site "Chennai IND"]
[Date "2008.02.08"]
[Round "6"]
[White "Vishnu,P"]
[Black "Mishra,N"]
[Result "1-0"]
[WhiteElo "2340"]
[BlackElo "2349"]

1.e4 c5 2.Nf3 e6 3.d4 cxd4 4.Nxd4 a6 5.Nc3 Bc5 6.Be3 d6 7.Qe2 Nf6 8.O-O-O O-O
9.Kb1 Qc7 10.g4 Nc6 11.g5 Ng4 12.Qxg4 Bxd4 13.Bxd4 Nxd4 14.Qh5 Qc5 15.Bd3 g6
16.Qh6 b5 17.f4 b4 18.Na4 Qa5 19.Bc4 e5 20.Rxd4 exd4 21.f5 Bxf5 22.exf5 Qxf5
23.Nb6 Rae8 24.Nd5 Re6 25.Nf6+ Rxf6 26.gxf6 Qxf6 27.b3 a5 28.h4 d5 29.Bxd5 Re8
30.Bc4 Qf2 31.Qc1 Re7 32.h5 Qe3 33.Qf1 Kf8 34.hxg6 hxg6 35.Qf6  1-0

[Event "TCh-BEL 2007-8"]
[Site "Belgium BEL"]
[Date "2008.02.10"]
[Round "8"]
[White "David,Alb"]
[Black "Horvath,Cs1"]
[Result "1/2-1/2"]
[WhiteElo "2557"]
[BlackElo "2530"]

1.e4 c5 2.Nf3 e6 3.d4 cxd4 4.Nxd4 a6 5.Nc3 Qc7 6.Bd3 Nf6 7.Qe2 Bd6 8.h3 Nc6
9.Nf3 b6 10.O-O Bb7 11.Bd2 h5 12.Rae1 Ne5 13.Nxe5 Bxe5  1/2-1/2

[Event "10th TCh-Euro sen"]
[Site "Dresden GER"]
[Date "2008.02.11"]
[Round "1"]
[White "Klein,Man"]
[Black "Perman,T"]
[Result "1-0"]
[WhiteElo "2231"]
[BlackElo "2092"]

1.e4 c5 2.Nf3 e6 3.d4 cxd4 4.Nxd4 a6 5.Nc3 Qc7 6.Bd3 Nf6 7.O-O Nc6 8.Be3 Ne5
9.h3 Bc5 10.Qe2 d6 11.f4 Ng6 12.Nb3 Bxe3+ 13.Qxe3 O-O 14.Rae1 b5 15.a3 Bb7
16.e5 dxe5 17.fxe5 Nd5 18.Nxd5 Bxd5 19.Bxg6 hxg6 20.Nd4 Qb6 21.Rf4 a5 22.h4 b4
23.axb4 axb4 24.h5 gxh5 25.Rh4 Rfc8 26.Rxh5 Rc4 27.Rh4 Ra2 28.Rd1 Rxd4 29.Rdxd4 Rxb2
30.Kh2 Rxc2 31.Rxd5 Rxg2+ 32.Kxg2 Qc6 33.Qc5 Qxd5+ 34.Qxd5 exd5 35.Rxb4  1-0

[Event "10th TCh-Euro sen"]
[Site "Dresden GER"]
[Date "2008.02.11"]
[Round "1"]
[White "Ehlert,J"]
[Black "Csulits,A"]
[Result "1/2-1/2"]
[WhiteElo "2053"]
[BlackElo "2222"]

1.e4 c5 2.Nf3 e6 3.d4 cxd4 4.Nxd4 a6 5.Nc3 Qc7 6.Bd3 Bc5 7.Nb3 Ba7 8.O-O d6
9.Kh1 Nf6 10.f4 O-O 11.Qe2 Nbd7 12.Be3 Bxe3 13.Qxe3 b5 14.Qh3 b4 15.Ne2 e5
16.f5 Bb7 17.Qh4 a5 18.Ng3 d5 19.exd5 Bxd5 20.Ne4 Nxe4 21.Bxe4 Bxe4 22.Qxe4 Nf6
23.Qe2 a4 24.Nc1 Rfc8 25.Rf2 e4 26.a3 e3 27.Rf1 Qxc2 28.Qxe3 b3 29.Nd3 Re8
30.Qf3 Rad8 31.Rad1 Rd7 32.Rf2 Ne4 33.Rxc2 bxc2 34.Rf1 h6 35.Kg1 Nd2 36.Qc6 Red8
37.Rc1  1/2-1/2

[Event "10th TCh-Euro sen"]
[Site "Dresden GER"]
[Date "2008.02.15"]
[Round "5"]
[White "Watzka,H"]
[Black "Perman,T"]
[Result "1-0"]
[WhiteElo "2321"]
[BlackElo "2092"]

1.e4 c5 2.Nf3 e6 3.d4 cxd4 4.Nxd4 a6 5.Nc3 Qc7 6.Bd3 Nc6 7.Be3 Nf6 8.O-O b5
9.Nxc6 dxc6 10.f4 e5 11.f5 h5 12.h3 Bb7 13.a4 Nd7 14.Qe2 Bc5 15.Bxc5 Nxc5
16.Qe3 Nxd3 17.cxd3 b4 18.Ne2 O-O-O 19.a5 h4 20.Rfd1 Kb8 21.Nc1 g6 22.fxg6 fxg6
23.Nb3 g5 24.Ra4 Qd6 25.Qb6 c5 26.Qxd6+ Rxd6 27.Nxc5 Rc6 28.Nd7+ Kc7 29.Nxe5 Rc5
30.Ng4 Rb5 31.Ne3 Kd6 32.Kf2 Rf8+ 33.Ke2 Rf4 34.Raa1 Bc8 35.Rf1 Be6 36.Kd2 Rxf1
37.Nxf1 g4 38.hxg4 Bxg4 39.Ne3 Be6 40.d4 Rg5 41.Rh1 Rxa5 42.d5 Bd7 43.Nc4+  1-0

[Event "2nd Int Open Congress"]
[Site "Brentwood ENG"]
[Date "2008.02.16"]
[Round "3"]
[White "Ciuksyte,D"]
[Black "Atako,C"]
[Result "1-0"]
[WhiteElo "2377"]
[BlackElo "2141"]

1.e4 c5 2.Nf3 e6 3.d4 cxd4 4.Nxd4 a6 5.Nc3 Qc7 6.Be3 Bb4 7.Bd2 Nf6 8.Bd3 O-O
9.O-O Bd6 10.Kh1 Bf4 11.Bxf4 Qxf4 12.Qf3 Qe5 13.Nde2 Nc6 14.Qh3 Nb4 15.f4 Qc5
16.e5 Nxd3 17.cxd3 Ne8 18.Qh4 b5 19.Rac1 Bb7 20.d4 Qb6 21.f5 f6 22.Ng3 Rc8
23.fxe6 dxe6 24.Nce4 Rxc1 25.Rxc1 fxe5 26.dxe5 Qe3 27.Rd1 Bxe4 28.Qxe4 Qxe4
29.Nxe4 Rf5 30.Nd6 Nxd6 31.exd6 Rf8 32.Kg1 Rd8 33.Kf2 Kf7 34.Ke3 Ke8 35.Ke4 Kd7
36.Rd2 Rc8 37.h3 Rc4+ 38.Ke5 a5 39.g3 b4 40.h4 h5 41.b3 Rc6 42.Rd4 Rc5+ 43.Ke4 Rc2  1-0

[Event "XXIV Open"]
[Site "Cappelle La Grande FRA"]
[Date "2008.02.16"]
[Round "1"]
[White "Oleksienko,M"]
[Black "Dzagnidze,N"]
[Result "1-0"]
[WhiteElo "2590"]
[BlackElo "2429"]

1.e4 c5 2.Nf3 e6 3.d4 cxd4 4.Nxd4 a6 5.Nc3 Qc7 6.Be2 Nf6 7.O-O Nc6 8.Kh1 Bb4
9.Bg5 Bxc3 10.Bxf6 gxf6 11.bxc3 d6 12.Bh5 Bd7 13.Qg4 Kf8 14.Qh4 Ke7 15.f4 Rhg8
16.Rae1 Nxd4 17.cxd4 Qxc2 18.Bf3 Rac8 19.e5 d5 20.exf6+ Kd8 21.Qh5 Rg6 22.Qxh7 Rxf6
23.Qh4 Qg6 24.Bh5 Qg7 25.g4 Bb5 26.Rf3 Rc2 27.a4 Bc4 28.f5 Kc7 29.fxe6 Rxf3
30.Qe7+ Kb8 31.Qd6+ Ka7 32.Qc5+ Kb8 33.e7 Rf1+ 34.Rxf1 Re2 35.Rxf7  1-0